|
|
|
|
| LEADER |
00000cam a2200000 7i4500 |
| 001 |
0000043646 |
| 005 |
20150926.0 |
| 008 |
141202 |
| 020 |
|
|
|a 9789670525372
|
| 090 |
0 |
0 |
|a 297.18
|b SHA
|
| 100 |
1 |
|
|a Shafie Abd Rahman
|
| 245 |
1 |
0 |
|a Sayidatina Asma' binti Abu Bakar Dhatun Nitaqain
|c Shafie Abd Rahman
|
| 260 |
|
|
|a Selangor :
|b Yamani Angle Publisher ,
|c 2014
|
| 650 |
|
0 |
|a Islamic stories
|x Women...
|
| 999 |
|
|
|a 0001310785
|b Book
|c Adult Collection
|e Perbadanan Perpustakaan Awam Johor
|
| 999 |
|
|
|a 0001310786
|b Book
|c Adult Collection
|e Cawangan AEON Kulaijaya
|
| 999 |
|
|
|a 0001310787
|b Book
|c Adult Collection
|e Perbadanan Perpustakaan Awam Johor
|
| 999 |
|
|
|a 0001313060
|b Book
|c Adult Collection
|e Cawangan Bandar Tenggara
|
| 999 |
|
|
|a 0001313128
|b Book
|c Adult Collection
|e Cawangan Tmn. Ungku Tun Aminah
|
| 999 |
|
|
|a 0001313129
|b Book
|c Adult Collection
|e Cawangan Kota Tinggi
|
| 999 |
|
|
|a 0001313130
|b Book
|c Adult Collection
|e Cawangan Mersing
|
| 999 |
|
|
|a 0001313131
|b Book
|c Adult Collection
|e Cawangan Batu Pahat
|
| 999 |
|
|
|a 0001313138
|b Book
|c Adult Collection
|e Cawangan Bukit Gambir
|
| 999 |
|
|
|a 0001313139
|b Book
|c Adult Collection
|e Cawangan Tangkak
|
| 999 |
|
|
|a 0001313140
|b Book
|c Adult Collection
|e Cawangan Muar
|
| 999 |
|
|
|a 0001313141
|b Book
|c Adult Collection
|e Cawangan Taman Sri Lambak
|
| 999 |
|
|
|a 0001313144
|b Book
|c Adult Collection
|e Cawangan Sri Merlong
|
| 999 |
|
|
|a 0001313159
|b Book
|c Adult Collection
|e Cawangan Segamat
|
| 999 |
|
|
|a 0001313161
|b Book
|c Adult Collection
|e Cawangan Pontian
|
| 999 |
|
|
|a 0001313162
|b Book
|c Adult Collection
|e Cawangan Bandar Penawar
|